Washington DC city quiz - Statistics

General Stats
  • This quiz has been taken 31 times
    20 since last reset
  • The average score is 5 of 11
Answer Stats
Hint Answer % Correct
Touches which 2 states Maryland, Virginia
88%
President right now Joe Biden
81%
Named after which President George Washington
63%
President of the US house White House
56%
Washington is also known as ... District of Columbia
50%
One of the tallest buildings in DC Washington Monument
50%
Founded in what year 1790
44%
Washington DC's most common religion Christianity
25%
Height limit in DC by feet 130
6%
First building in Washington DC Old Stone House
0%
Who designed the city? Pierre Charles L'Enfant
0%
No matching quizzes found
Score Distribution
Percent of People with Each Score
Percentile by Number Answered
Your Score History
You have not taken this quiz since the last reset